| 000 | 01055cam a2200313 i 4500 | ||
|---|---|---|---|
| 001 | 19134018 | ||
| 003 | OSt | ||
| 005 | 20240527123134.0 | ||
| 008 | 160613t20162016maua b 001 0 eng | ||
| 010 | _a 2016022992 | ||
| 020 | _a9780262035613 | ||
| 040 |
_aDLC _beng _cDLC _erda _dDLC |
||
| 042 | _apcc | ||
| 050 | 0 | 0 |
_aQ325.5 _b.G66 2016 |
| 100 | 1 |
_aGoodfellow, Ian, _eauthor. |
|
| 245 | 1 | 0 |
_aDeep learning / _cIan Goodfellow, Yoshua Bengio, & Aaron Courville. |
| 264 | 1 |
_aCambridge, Massachusetts : _bThe MIT Press, _c2016 |
|
| 300 | _axxii, 775 p. | ||
| 336 |
_atext _btxt _2rdacontent |
||
| 337 |
_aunmediated _bn _2rdamedia |
||
| 338 |
_avolume _bnc _2rdacarrier |
||
| 490 | 0 | _aAdaptive computation and machine learning | |
| 650 | 0 | _aMachine learning, | |
| 700 | 1 |
_aBengio, Yoshua, _eauthor. |
|
| 700 | 1 |
_aCourville, Aaron, _eauthor. |
|
| 906 |
_a7 _bcbc _corignew _d1 _eecip _f20 _gy-gencatlg |
||
| 942 |
_2lcc _cBK |
||
| 999 |
_c20439 _d20438 |
||